[Event "YUG-chT"]
[Site "Niksic"]
[Date "1996.??.??"]
[Round "?"]
[White "Velimirovic, Dragoljub"]
[Black "Drasko, Milan"]
[Result "1/2-1/2"]
[WhiteElo "2510"]
[BlackElo "2500"]
[PlyCount "142"]
[EventDate "1996.??.??"]
[EventType "team"]
[EventRounds "12"]
[EventCountry "YUG"]
[Source "ChessBase"]
[SourceDate "1999.11.16"]
[WhiteTeamCountry "YUG"]
[BlackTeamCountry "YUG"]

1. e4 e6 2. d4 d5 3. Nc3 Bb4 4. e5 c5 5. a3 Bxc3+ 6. bxc3 Ne7 7. Qg4 O-O 8. Bd3
f5 9. Qh3 Qa5 10. Bd2 Qa4 11. Nf3 Nbc6 12. Rg1 c4 13. Be2 Qxc2 14. Rc1 Qb2 15.
g4 Na5 16. Bd1 Nb3 17. Rc2 Qxa3 18. Ng5 h6 19. Nf3 Nxd2 20. Kxd2 fxg4 21. Rxg4
Nf5 22. Nh4 Bd7 23. Nxf5 exf5 24. Rg1 Kh7 25. Qg2 Qe7 26. Qxd5 b5 27. f4 Rfd8
28. Ke3 Be8 29. Qg2 a5 30. h4 b4 31. Qh3 Qf8 32. Rcg2 Ra7 33. Bc2 bxc3 34.
Qxf5+ Qxf5 35. Bxf5+ Kh8 36. Be6 Bc6 37. Rc2 Bd7 38. Bxc4 Rc8 39. Rxc3 Rac7 40.
Rgc1 Bb5 41. Kd3 Rxc4 42. Rxc4 a4 43. d5 a3 44. d6 Rxc4 45. Rxc4 a2 46. d7 a1=Q
47. d8=Q+ Kh7 48. Qd4 Qf1+ 49. Kc3 Bxc4 50. Qxc4 Qe1+ 51. Kb3 Qg3+ 52. Ka4 Qxh4
53. e6 Qd8 54. f5 Qa8+ 55. Kb4 Qb8+ 56. Qb5 Qf4+ 57. Ka5 Qc7+ 58. Ka6 Qc8+ 59.
Kb6 Qb8+ 60. Kc5 Qf8+ 61. Kc4 Qd6 62. Qc5 Qa6+ 63. Kd5 Kg8 64. Ke5 Qb7 65. Qa5
Qb8+ 66. Kd5 Kf8 67. Qc5+ Ke8 68. Qc6+ Kf8 69. Kc5 Qa7+ 70. Kb5 Ke7 71. Qc8 h5
1/2-1/2

[Event "YUG-chT"]
[Site "Niksic"]
[Date "1996.??.??"]
[Round "?"]
[White "Velimirovic, Dragoljub"]
[Black "Shcherbakov, Ruslan"]
[Result "0-1"]
[WhiteElo "2510"]
[BlackElo "2555"]
[PlyCount "118"]
[EventDate "1996.??.??"]
[EventType "team"]
[EventRounds "12"]
[EventCountry "YUG"]
[Source "ChessBase"]
[SourceDate "1999.11.16"]
[WhiteTeamCountry "YUG"]
[BlackTeamCountry "YUG"]

1. e4 c5 2. Nf3 Nc6 3. d4 cxd4 4. Nxd4 Nf6 5. Nc3 d6 6. Bc4 e6 7. Be3 Be7 8.
Qe2 O-O 9. O-O-O a6 10. Bb3 Nd7 11. h4 Nxd4 12. Rxd4 b5 13. f4 Nc5 14. Rhd1 Qa5
15. Qe1 b4 16. Nb1 Qc7 17. Qxb4 Nxe4 18. Qe1 d5 19. f5 Bf6 20. Nd2 Bxd4 21.
Bxd4 Qf4 22. fxe6 fxe6 23. Be3 Qg4 24. Nxe4 Qxe4 25. h5 Bd7 26. Qg3 Rf7 27. c3
Qf5 28. h6 Qg6 29. Qxg6 hxg6 30. hxg7 Kxg7 31. Bd4+ Kg8 32. Bc2 Raf8 33. Be5
Rc8 34. Bd4 Bb5 35. a4 Be2 36. Re1 Rf1 37. Kd2 Rxe1 38. Kxe1 Bh5 39. Kd2 Kf7
40. b4 Bg4 41. Bd3 Ra8 42. Be5 Bf5 43. Be2 Ke7 44. Ke3 Kd7 45. a5 Bc2 46. b5
Ba4 47. b6 Kc6 48. g4 Kb7 49. g5 Bc2 50. c4 Rc8 51. Bc7 Ba4 52. c5 e5 53. Bd6
d4+ 54. Ke4 Bc6+ 55. Kd3 Bb5+ 56. Kd2 Bxe2 57. Kxe2 e4 58. Be5 d3+ 59. Ke3 Rxc5
0-1

[Event "YUG-chT"]
[Site "Niksic"]
[Date "1996.??.??"]
[Round "?"]
[White "Vukovic, Zdravko"]
[Black "Velimirovic, Dragoljub"]
[Result "1/2-1/2"]
[WhiteElo "2475"]
[BlackElo "2510"]
[PlyCount "104"]
[EventDate "1996.??.??"]
[EventType "team"]
[EventRounds "12"]
[EventCountry "YUG"]
[Source "ChessBase"]
[SourceDate "1999.11.16"]
[WhiteTeamCountry "YUG"]
[BlackTeamCountry "YUG"]

1. e4 c5 2. b3 e6 3. Bb2 d5 4. Bb5+ Bd7 5. Bxd7+ Qxd7 6. exd5 exd5 7. Qe2+ Ne7
8. d4 cxd4 9. Nf3 Nbc6 10. Nbd2 O-O-O 11. O-O-O Nf5 12. g4 Nh6 13. h3 Bc5 14.
a3 f6 15. b4 Bb6 16. b5 Na5 17. Nxd4 Nf7 18. Qe6 Ne5 19. Rhe1 Nac4 20. Nxc4
Nxc4 21. Nf5 Bxf2 22. Rxd5 Qxe6 23. Rxd8+ Rxd8 24. Rxe6 Nxb2 25. Kxb2 g6 26.
Nd6+ Kd7 27. Nxb7 Rb8 28. Re2 Bd4+ 29. c3 Bg1 30. Rd2+ Kc7 31. Nd6 Bc5 32. Nc4
Rxb5+ 33. Kc2 Be7 34. Re2 Kd7 35. a4 Rc5 36. Kd3 h5 37. Re4 hxg4 38. hxg4 Rc6
39. Ne3 Re6 40. Rxe6 Kxe6 41. Kd4 Kf7 42. Ke4 Bd6 43. Nd5 Ke6 44. c4 Be5 45.
Nb4 Kd6 46. Nd3 Bh2 47. Kd4 Bg1+ 48. Ke4 Kc6 49. Nf4 Kc5 50. Nxg6 Kxc4 51. Ne7
Kc5 52. Kf5 Kb4 1/2-1/2

[Event "YUG-ch"]
[Site "Podgorica"]
[Date "1996.??.??"]
[Round "1"]
[White "Blagojevic, Dragisa"]
[Black "Velimirovic, Dragoljub"]
[Result "1-0"]
[WhiteElo "2450"]
[BlackElo "2510"]
[PlyCount "57"]
[EventDate "1996.02.??"]
[EventType "tourn"]
[EventRounds "15"]
[EventCountry "YUG"]
[EventCategory "9"]
[Source "ChessBase"]
[SourceDate "1996.08.01"]
[WhiteTeamCountry "YUG"]
[BlackTeamCountry "YUG"]

1. d4 Nf6 2. c4 c5 3. d5 g6 4. Nc3 Bg7 5. e4 O-O 6. Nf3 d6 7. h3 e6 8. Bd3 exd5
9. cxd5 b5 10. Bxb5 Nxe4 11. Nxe4 Qa5+ 12. Nfd2 Qxb5 13. Nxd6 Qa6 14. N2c4 Nd7
15. O-O Nb6 16. Nxb6 axb6 17. a4 Bd7 18. Ra3 Rad8 19. Bg5 Bxb2 20. Bxd8 Rxd8
21. Qf3 Rf8 22. Re3 Qxa4 23. Re7 f5 24. Nc4 Qxc4 25. Rxd7 Qb5 26. Rc7 Be5 27.
d6 c4 28. Qe2 Rd8 29. Re1 1-0

[Event "YUG-ch"]
[Site "Podgorica"]
[Date "1996.??.??"]
[Round "3"]
[White "Ilincic, Zlatko"]
[Black "Velimirovic, Dragoljub"]
[Result "1-0"]
[WhiteElo "2555"]
[BlackElo "2510"]
[Annotator "Notkin"]
[PlyCount "83"]
[EventDate "1996.02.??"]
[EventType "tourn"]
[EventRounds "15"]
[EventCountry "YUG"]
[EventCategory "9"]
[Source "ChessBase"]
[SourceDate "1996.08.01"]
[WhiteTeamCountry "YUG"]
[BlackTeamCountry "YUG"]

1. d4 Nf6 2. c4 c5 3. d5 g6 4. Nc3 Bg7 5. g3 O-O 6. Bg2 d6 7. Nf3 e6 8. O-O
exd5 9. cxd5 Na6 10. Nd2 Nc7 11. Nc4 Nh5 (11... Nfe8) 12. a4 b6 (12... f5 13.
e3 b6 14. Qc2 Qd7 15. b3 Bb7 $5 16. Bb2 Rad8 17. Rad1 Nf6 18. h3 Qf7 $13 {
Kapengut}) 13. e4 (13. Ne4 Ne8 14. Bf3 Ba6 15. Qc2 Nhf6 16. Bg5 Bxc4 17. Qxc4
h6 18. Nxf6+ Nxf6 19. Bd2 Nd7 $10 {Cosma,I-Ionescu,C/Bucharest/1994/0.5/63/}) (
13. Qc2 $22 Ba6 14. b3) 13... Ba6 14. Qd3 Bxc4 15. Qxc4 a6 16. Be3 Qd7 (16...
Rb8 17. Rfe1 b5 18. axb5 axb5 19. Qd3 b4 20. Nd1 Nb5 21. f4 $13) 17. Rfe1 Rfe8
$6 (17... b5 18. Qd3 bxa4 19. Nxa4 Rab8 20. f4 Qb5 $13) 18. Qf1 $1 Nf6 (18...
b5 19. Bh3 Qe7 20. f3 $14) 19. f3 Qe7 $2 (19... b5 $2 20. Bh3 $16) (19... Rab8
$14) 20. Rad1 $16 {/\21.e5!} Nd7 (20... Qf8 21. Kh1 {/\f4}) 21. f4 Qf8 (21...
f6 22. h4 $16) 22. e5 $1 f5 (22... dxe5 23. d6) (22... Rab8 23. Ne4 dxe5 24. f5
$16) 23. h3 Rab8 24. e6 Nf6 25. g4 $1 Kh8 (25... fxg4 26. f5 $16) 26. gxf5 (26.
Bf3 $5 {/\g5,h5}) 26... gxf5 27. Qd3 Ng8 28. Bf3 Ne7 (28... b5 $5) 29. Bh5 Ng6
30. Kh2 b5 31. Rg1 (31. a5 $1 b4 32. Na4 $16) 31... Qf6 32. Rg5 bxa4 33. Nxa4
Rb4 34. Rxf5 (34. Rdg1 $1 Rxa4 (34... c4 35. Qd1) (34... Nxe6 35. dxe6 Qxe6 36.
Bxg6 hxg6 37. R1g3 $1) 35. Bxg6 hxg6 36. Rxg6 $40) 34... Qh4 35. Bxg6 $2 (35.
Rg1 Rxa4 36. Bxg6 hxg6 37. Rxg6 $40) 35... hxg6 36. Rf7 Rg8 $2 (36... Rxa4 37.
Rxc7 (37. Qxg6 Rg8 38. Rg1 Rb4 $22 39. Rxg7 $2 Rxb2+ $19) 37... Rb4 38. Rd2 $14
) (36... Nxe6 $1 37. dxe6 Rxe6 $13) 37. Rg1 Qh5 (37... Rxa4 38. Rg4 Qh5 39. Bf2
) 38. Rxc7 Qf5 $2 (38... Rxa4 39. Rxg6 $18) 39. Qxf5 gxf5 40. Bd2 $1 Rxa4 41.
Rgxg7 Rxg7 42. Bc3 1-0

[Event "YUG-ch"]
[Site "Podgorica"]
[Date "1996.??.??"]
[Round "4"]
[White "Velimirovic, Dragoljub"]
[Black "Maksimovic, Branimir"]
[Result "1-0"]
[WhiteElo "2510"]
[BlackElo "2375"]
[Annotator "Knaak,R"]
[PlyCount "33"]
[EventDate "1996.02.??"]
[EventType "tourn"]
[EventRounds "15"]
[EventCountry "YUG"]
[EventCategory "9"]
[Source "ChessBase"]
[SourceDate "1996.08.01"]
[WhiteTeamCountry "YUG"]
[BlackTeamCountry "YUG"]

1. e4 e6 2. d4 d5 3. e5 c5 4. c3 Nc6 5. Nf3 Qb6 6. dxc5 $5 {So vermeidet man
theoretische Diskussionen und erreicht dennoch meistens eine gute Stellung.}
Bxc5 7. Qc2 Bd7 (7... Be7 8. Bf4 Bd7 9. Nbd2 a5 10. Be2 Rc8 11. O-O Nd4 12.
Nxd4 Qxd4 13. Bg3 Qb6 14. Nf3 Bb5 15. Bxb5+ Qxb5 16. Nd4 $14 {
1-0 Mynar,M-Citovsky,F/SVK-chT2 1995 (38)}) (7... a5 8. Bd3 Nge7 9. Bf4 (9. O-O
Ng6 10. Re1 Nce7 11. Be3 Bd7 12. a4 Rc8 13. Na3 O-O 14. Bb5 Bc6 15. Bxc5 Qxc5
16. Nd4 Nh4 17. Bd3 Nhg6 18. g3 Rfd8 19. Qd1 Rb8 20. Nac2 $14 {
1-0 Fabregas,A-Ruiz,JM/ESP-chT ;EXT 90ch 1990 (41)}) 9... Ng6 10. Bg3 Qc7 11.
Qe2 Nce7 12. Nbd2 a4 13. h4 h5 14. O-O Nf5 $6 15. Bxf5 exf5 16. e6 $1 Qxg3 17.
Qb5+ Ke7 18. Qxc5+ Qd6 19. Qd4 $16 {
1-0 Fabregas,A-San Juan,JL/ESP-chT ;EXT 90ch 1990 (39)}) (7... Qc7 $1 {
Damit wird sofort e5 aufs Korn genommen, eigentlich logisch.} 8. Bf4 Nge7 9.
Bd3 (9. b4 $2 Bb6 10. b5 Nd4 11. Qd3 Nxf3+ 12. Qxf3 Bd7 13. Bg3 Ba5 14. Be2 O-O
15. O-O Rac8 $15 {Rerabkova-Konecna/CZE-chJW Svetla 1994/0-1 (60)}) 9... Ng6 {
Weiß hatte keine Zeit für Qe2.} 10. Bxg6 fxg6 (10... hxg6 {/\ 0-0-0=}) 11. O-O
O-O 12. Bg3 Bd7 13. Nbd2 Rac8 14. Nb3 Bb6 15. Rad1 $13 {
1-0 Yee,P-Grubisic,D/Philadelphia World op 1995 (24)}) 8. Bd3 f6 9. b4 (9. Bxh7
$6 Bxf2+ $1) 9... Bxb4 $2 (9... Be7 10. Bxh7 fxe5 $14) 10. cxb4 fxe5 11. Qb2 $3
(11. Bxh7 e4 12. Bg6+ Kf8 $13) 11... e4 $6 (11... Nf6 12. b5 $1 (12. Nxe5 $2
Nxe5 13. Qxe5 Qxf2+ 14. Kxf2 Ng4+ $14) 12... e4 (12... Nd4 13. Nxe5 Bxb5 14.
Bxb5+ Nxb5 15. O-O $18) 13. bxc6 bxc6 14. Be2 exf3 15. Bxf3 {+/-/+-}) 12. Qxg7
$18 Nxb4 13. O-O Nxd3 14. Bg5 Qb2 15. Nc3 exf3 16. Qxh8 Kf8 17. Bf6 1-0

[Event "YUG-ch"]
[Site "Podgorica"]
[Date "1996.??.??"]
[Round "5"]
[White "Damljanovic, Branko"]
[Black "Velimirovic, Dragoljub"]
[Result "0-1"]
[WhiteElo "2510"]
[BlackElo "2510"]
[PlyCount "88"]
[EventDate "1996.02.??"]
[EventType "tourn"]
[EventRounds "15"]
[EventCountry "YUG"]
[EventCategory "9"]
[Source "ChessBase"]
[SourceDate "1996.08.01"]
[WhiteTeamCountry "YUG"]
[BlackTeamCountry "YUG"]

1. e4 c5 2. Nc3 Nc6 3. Bb5 g6 4. Bxc6 bxc6 5. d3 Bg7 6. f4 d6 7. Nf3 Nh6 8. O-O
O-O 9. Bd2 f6 10. b3 Nf7 11. Qe1 e5 12. f5 gxf5 13. exf5 d5 14. Nh4 Re8 15. Qg3
Qe7 16. Rae1 Ba6 17. Rf2 Rad8 18. Qg4 Nd6 19. Na4 Nf7 20. Re3 e4 21. dxe4 dxe4
22. Rg3 Ne5 23. Qf4 Rd4 24. Qe3 Red8 25. Nc3 Nf7 26. Nf3 Kf8 27. Nxd4 cxd4 28.
Qxe4 dxc3 29. Qxe7+ Kxe7 30. Re3+ Ne5 31. Bxc3 c5 32. Re1 Bb7 33. Rf4 Bh6 34.
Rh4 Bg7 35. Rxh7 Kf7 36. Rxe5 fxe5 37. Bxe5 Rd1+ 38. Kf2 Rf1+ {
The notation seems to be corrupt. Who nows to help?} 39. Ke3 Re1+ 40. Kf4 Re4+
41. Kg5 Rxe5 42. g4 Be4 43. Kf4 Re8 44. g5 Bxc2 0-1

[Event "YUG-ch"]
[Site "Podgorica"]
[Date "1996.??.??"]
[Round "6"]
[White "Arsovic, Zoran"]
[Black "Velimirovic, Dragoljub"]
[Result "0-1"]
[WhiteElo "2460"]
[BlackElo "2510"]
[PlyCount "108"]
[EventDate "1996.02.??"]
[EventType "tourn"]
[EventRounds "15"]
[EventCountry "YUG"]
[EventCategory "9"]
[Source "ChessBase"]
[SourceDate "1996.08.01"]
[WhiteTeamCountry "YUG"]
[BlackTeamCountry "YUG"]

1. Nf3 c5 2. c4 g6 3. e4 Nc6 4. d4 cxd4 5. Nxd4 Nf6 6. Nc3 d6 7. Be2 Nxd4 8.
Qxd4 Bg7 9. Bg5 O-O 10. Qe3 Be6 11. O-O Qb6 12. b3 Qxe3 13. Bxe3 Ng4 14. Bd2
Be5 15. h3 Nf6 16. Bd3 Rfc8 17. Rab1 Nd7 18. Nd5 Kf8 19. Bg5 Bxd5 20. exd5 a5
21. a4 Bf6 22. Bh6+ Bg7 23. Be3 Nc5 24. Bc2 Ra6 25. Rbd1 Rb6 26. g4 Bc3 27. f4
Rxb3 28. f5 Ra3 29. fxg6 hxg6 30. Bxg6 Kg7 31. Bxf7 Bf6 32. Bxc5 Rxc5 33. Be6
Rxc4 34. Rc1 Rxc1 35. Rxc1 Rxa4 36. Kg2 Rb4 37. Rc8 a4 38. Kg3 b5 39. Ra8 Rb3+
40. Kf4 a3 41. g5 Rb4+ 42. Kf3 Bb2 43. Bf5 Bc1 44. Kg3 Rd4 45. h4 b4 46. Be6 b3
47. Rg8+ Kh7 48. Re8 Bxg5 49. hxg5 a2 50. Bf5+ Kg7 51. Rxe7+ Kf8 52. Rc7 Re4
53. Ra7 Re1 54. g6 a1=Q 0-1

[Event "YUG-ch"]
[Site "Podgorica"]
[Date "1996.??.??"]
[Round "7"]
[White "Velimirovic, Dragoljub"]
[Black "Mozetic, Dejan"]
[Result "1/2-1/2"]
[WhiteElo "2510"]
[BlackElo "2495"]
[PlyCount "23"]
[EventDate "1996.02.??"]
[EventType "tourn"]
[EventRounds "15"]
[EventCountry "YUG"]
[EventCategory "9"]
[Source "ChessBase"]
[SourceDate "1996.08.01"]
[WhiteTeamCountry "YUG"]
[BlackTeamCountry "YUG"]

1. e4 e5 2. Nf3 Nc6 3. Bb5 a6 4. Ba4 Nf6 5. Bxc6 dxc6 6. d3 Nd7 7. Nbd2 Bd6 8.
Nc4 O-O 9. O-O Re8 10. Re1 c5 11. a4 a5 12. Bd2 1/2-1/2

[Event "YUG-ch"]
[Site "Podgorica"]
[Date "1996.??.??"]
[Round "8"]
[White "Karaklajic, Nikola"]
[Black "Velimirovic, Dragoljub"]
[Result "0-1"]
[WhiteElo "2400"]
[BlackElo "2510"]
[Annotator "Knaak,R"]
[PlyCount "102"]
[EventDate "1996.02.??"]
[EventType "tourn"]
[EventRounds "15"]
[EventCountry "YUG"]
[EventCategory "9"]
[Source "ChessBase"]
[SourceDate "1996.08.01"]
[WhiteTeamCountry "YUG"]
[BlackTeamCountry "YUG"]

1. e4 c5 2. c3 e6 3. d4 d5 4. e5 Nc6 5. Nf3 Bd7 6. Be2 f6 7. O-O fxe5 8. Nxe5
Nxe5 9. dxe5 Qc7 10. Re1 (10. c4 $1 {ist für Schwarz die Herausforderung; ein
Weg zu gleichem Spiel ist noch nicht bekannt, und darum ist 6...f6 von
zweifelhaftem Wert.}) 10... O-O-O 11. f4 Ne7 12. Nd2 Ng6 13. Nf3 Be7 14. Bd3
Rhf8 15. g3 Bc6 16. Qe2 Kb8 17. Be3 d4 18. cxd4 Bxf3 19. Qxf3 cxd4 20. Bf2 Nxe5
21. Qe4 Nxd3 22. Qxd3 g5 23. Rxe6 gxf4 24. Qxh7 Rd7 25. Rae1 Bd8 26. Qd3 a6 27.
R6e4 Qa5 28. a3 fxg3 29. Bxg3+ Ka8 30. Re8 Rxe8 31. Rxe8 Ka7 32. b4 Qg5 33. Re5
Qg7 34. Re4 Bg5 35. Re8 Bf4 36. Kg2 Qf7 37. Re4 Be3 38. Re5 Qa2+ 39. Kh3 Qf7
40. Rc5 Qe6+ 41. Kg2 Rf7 42. Re5 Qc6+ 43. Qe4 Qc4 44. Rf5 Qe2+ 45. Kh3 Rh7+ 46.
Bh4 d3 47. Rd5 Qf1+ 48. Kg4 Rg7+ 49. Bg5 Qg1+ 50. Kf3 Rf7+ 51. Rf5 Rxf5+ 0-1

[Event "YUG-ch"]
[Site "Podgorica"]
[Date "1996.??.??"]
[Round "9"]
[White "Velimirovic, Dragoljub"]
[Black "Drazic, Sinisa"]
[Result "0-1"]
[WhiteElo "2510"]
[BlackElo "2445"]
[PlyCount "73"]
[EventDate "1996.02.??"]
[EventType "tourn"]
[EventRounds "15"]
[EventCountry "YUG"]
[EventCategory "9"]
[Source "ChessBase"]
[SourceDate "1996.08.01"]
[WhiteTeamCountry "YUG"]
[BlackTeamCountry "YUG"]

1. e4 c6 2. d4 d5 3. exd5 cxd5 4. c4 Nf6 5. Nc3 g6 6. cxd5 Bg7 7. Bc4 O-O 8.
Nge2 b6 9. O-O Bb7 10. Nf4 Na6 11. Re1 Nc7 12. Re5 Nd7 13. Re2 Nf6 14. Qb3 Rb8
15. a4 a6 16. Bd2 b5 17. axb5 axb5 18. Bd3 g5 19. Nh3 h6 20. Rae1 b4 21. Ne4
Bxd5 22. Qc2 Ne6 23. Nxf6+ exf6 24. Be3 Qd6 25. Qd2 Rfd8 26. f3 Bc6 27. Nf2 f5
28. Bxf5 Nxd4 29. Bxd4 Bxd4 30. Qc1 Bb5 31. Rd2 Qf4 32. Bh3 Kg7 33. Rc2 Re8 34.
Re4 Rxe4 35. fxe4 Bxf2+ 36. Kh1 Qxc1+ 37. Rxc1 0-1

[Event "YUG-ch"]
[Site "Podgorica"]
[Date "1996.??.??"]
[Round "10"]
[White "Ivanovic, Bozidar"]
[Black "Velimirovic, Dragoljub"]
[Result "1/2-1/2"]
[WhiteElo "2500"]
[BlackElo "2510"]
[PlyCount "26"]
[EventDate "1996.02.??"]
[EventType "tourn"]
[EventRounds "15"]
[EventCountry "YUG"]
[EventCategory "9"]
[Source "ChessBase"]
[SourceDate "1996.08.01"]
[WhiteTeamCountry "YUG"]
[BlackTeamCountry "YUG"]

1. e4 c5 2. Nf3 Nc6 3. d4 cxd4 4. Nxd4 g6 5. Bc4 Bg7 6. Ne2 Nf6 7. Nbc3 O-O 8.
Bb3 d6 9. O-O a6 10. Nf4 Na5 11. Nfd5 Nxb3 12. axb3 Nxd5 13. Nxd5 Be6 1/2-1/2

[Event "YUG-ch"]
[Site "Podgorica"]
[Date "1996.??.??"]
[Round "11"]
[White "Velimirovic, Dragoljub"]
[Black "Drasko, Milan"]
[Result "1-0"]
[WhiteElo "2510"]
[BlackElo "2505"]
[Annotator "Knaak,R"]
[PlyCount "71"]
[EventDate "1996.02.??"]
[EventType "tourn"]
[EventRounds "15"]
[EventCountry "YUG"]
[EventCategory "9"]
[Source "ChessBase"]
[SourceDate "1996.08.01"]
[WhiteTeamCountry "YUG"]
[BlackTeamCountry "YUG"]

1. e4 e6 2. d4 d5 3. Nd2 Nf6 4. e5 Nfd7 5. Bd3 c5 6. c3 Nc6 7. Ngf3 g6 8. h4
Qb6 9. Qa4 $6 {Gerade von Velimirovic hätte ich so einen kleinlichen
Deckungszug nicht erwartet.} (9. h5 $1 $36) (9. O-O Bg7 $10) 9... Be7 10. O-O {
Mit seinen letzten beiden Zügen hat Weiß die mit 8.h4 begonnene Strategie
einfach vergessen.} O-O (10... cxd4 $5 11. cxd4 Ndb8 $1 {bringt Weiß in
Schwierigkeiten; Verlust des Pd4 oder Endspiel heißen die unerfreulichen
Alternativen.}) 11. Re1 f6 $1 $15 12. exf6 Rxf6 13. Nf1 cxd4 14. cxd4 Rxf3 $5
15. gxf3 Qxd4 (15... Nxd4 $5) 16. Qxd4 Nxd4 $17 {Normalerweise hat Schwarz mit
einem Mehrbauern und der klar besseren Bauernstruktur schon genug für die
Qualität. Hier gibt's den Ph4 noch extra.} 17. Nh2 Bxh4 {Die erste Ungenauigkei
t. Wenn Schwarz Nc5 spielen will - wie in der Partie - dann sollte es sofort
geschehen. Figurentausch macht die schwarze Stellung anfälliger für taktische
Witze und sollte erst nach Beendigung der Entwicklung erfolgen.} 18. Be3 Nc5
19. Bxd4 Nxd3 20. Red1 Nb4 21. Ng4 Nc6 22. Rac1 Bd7 $4 (22... Bg5 23. Be3 Be7
$17) 23. Bf6 $1 h5 (23... g5 24. f4 $16) 24. Bxh4 hxg4 25. fxg4 {Weiß hat nicht
nur einen Bauern gewonnen, sondern auch seine Struktur verbessert.} Ne5 $2 {
Ein Fehler kommt selten allein.} (25... Rf8 $14 {mit noch spielbarer Stellung.}
) 26. Kg2 Nxg4 27. Rc7 Bc6 28. Re1 Re8 29. Bg5 {/\ Kg3+-} Rf8 30. Rxe6 d4+ 31.
Kg3 Nxf2 32. Rxg6+ Kh8 33. Bf4 Nd3 34. Bh6 Rf3+ 35. Kh4 Be8 36. Rgg7 1-0

[Event "YUG-ch"]
[Site "Podgorica"]
[Date "1996.??.??"]
[Round "11"]
[White "Velimirovic, Dragoljub"]
[Black "Pikula, Dejan"]
[Result "1-0"]
[WhiteElo "2510"]
[BlackElo "2455"]
[Annotator "Ribli"]
[PlyCount "85"]
[EventDate "1996.02.??"]
[EventType "tourn"]
[EventRounds "15"]
[EventCountry "YUG"]
[EventCategory "9"]
[Source "ChessBase"]
[SourceDate "1996.08.01"]
[WhiteTeamCountry "YUG"]
[BlackTeamCountry "YUG"]

1. e4 c5 2. Nf3 e6 3. d4 cxd4 4. Nxd4 a6 5. c4 Nf6 6. Nc3 Bb4 7. Bd3 Nc6 8.
Nxc6 (8. Nc2 $5) 8... dxc6 9. e5 {Velimirovic war vor guten 20-25 Jahren eine 
der gefaehrlisten Angreiffer in der Welt: siehe z.B. "Velimirovic Attack" in
Sizilian. Natuerlich versucht er die scharfaeste Variante zu waehlen, ob sie
gut oder nicht, ist eine andere Frage.} Qa5 $1 (9... Nd7 10. f4 Nc5 11. Bc2 $14
) 10. exf6 Bxc3+ 11. bxc3 Qxc3+ 12. Qd2 {
Weiss folgt die Partie  kompromisslos in seinem Stil.} (12. Bd2 Qxd3 13. fxg7
Rg8 14. Qg4 e5 15. Qg5 Bf5 16. Qf6 Rd8 17. Qxe5+ Kd7 18. Rd1 Kc8 $15 {
Almasi,I-Farago,I/Budapest FS06 GM/1994/EXP41/}) 12... Qxa1 (12... Qe5+ $5 {
Dieser  Zug hat die folgende Idee: Schwarz denkt, dass Laeufer  auf-e2
schlechter steht als auf-d3.} 13. Be2 Qxa1 14. O-O (14. fxg7 $5) 14... Qxf6 15.
Bb2 (15. Ba3 $5) 15... e5 16. f4 O-O 17. fxe5 Qd8 18. Bd3 Be6 $17 {
Delay,F-Novoselski,Z/Zuerich op/1988/}) 13. O-O (13. fxg7 Qxg7 14. O-O e5 15.
f4 Bg4 $1 16. Bb2 O-O-O $17 {Tal}) 13... Qxf6 14. Bb2 $146 (14. Ba3 b6 15. Rb1
Qd8 16. Qc3 f6 17. Be4 Bb7 18. Qe3 Kf7 $17 {
Tompa,J-Honfi,K/Budapest/1973/INF16,289/}) 14... e5 15. Re1 (15. Bxe5 Qxe5 16.
Re1 Qxe1+ 17. Qxe1+ Be6 $17) 15... O-O 16. Rxe5 {/\ Rh5 ><h7} Qh6 (16... Qd8
17. Qe3 {Weiss hat einige Kompensation fuer das geopferten Material, weil alle
seine Figuren den schwarzen Koenigsfluegel anschauen.}) 17. Qd1 $1 {
Wieder droht /\ Rh5} g6 {
Weiss hat schon etwas erreicht: der b2-Laeufer herrscht die grosse Diagonale.}
18. h3 $5 {Ein kalbluetiger Zug, der Anziehende hat Qualitaet und Bauer
weniger und er sichert jetzt noch seine Grundlinie.} f6 {Schwarz hat die b2-h8
Diagonale  vorlaeufig gesperrt, aber jetzt bleibt der f6-Bauer fuer ewig
schwach.} (18... Bd7 19. Re7 Rad8 20. Qe1 $13) 19. Re3 $5 (19. Re7 Qg5 20. Qf3
Bf5 21. Bf1 Rf7 $17) 19... Bf5 (19... Qg5 $2 20. Rg3 $44 {>< g6}) 20. Bf1 Rad8
21. Qb3 Bc8 (21... Rf7 22. c5 Kg7 23. g4 (23. Bc4 $5) 23... Bc8 24. Bc4 Rfd7
25. Be6 Rd1+ 26. Kg2 Bxe6 27. Qxe6 $44) 22. c5+ Kh8 (22... Rf7 23. Bc4 $16) 23.
Re7 $1 {# In dieser Moment hat Weiss schon genuegend Kompensation fuer das
geopferten Material: 1.Die weisse Figuren sind sehr aktiv z.B. Re7, Bb2 und
Qb3.  2. Schwarze Figuren verteidigen sich nur ihre Stellung und sie stehen
auf der achten Reihe sehr passiv. 3. Der schwarze Koenig ist auch gefaehrdet.}
Qd2 24. Rc7 $1 {# Ein sehr schlauer und starker Zug. Jetzt steht der
Nachziehende trotz seines Materialvorteils ein schweriges Problem vor.} a5 (
24... Qf4 25. Rf7 $44 {>< f6}) (24... Rd7 $2 25. Rxc8 Rxc8 26. Bxf6+ Rg7 27.
Bxg7+ Kxg7 28. Qxb7+ $18) 25. Bc3 a4 26. Qc4 Qd5 27. Qh4 $1 {# Hier wird
eigentlich klar, dass die Partie fuer Schwarz schiefgelaufen ist. Er kann den
Materialverlust nicht mehr verhinden.} Rd7 28. Rxc8 $1 Rxc8 29. Qxf6+ Kg8 30.
Qh8+ Kf7 31. Qxc8 Re7 32. Qg4 Re4 33. Qf3+ Ke8 34. Bd3 Re6 35. Qxd5 $1 {
Der einfachste Weg.} cxd5 36. Bb5+ Ke7 37. Bxa4 d4 38. Bb4 (38. Bxd4 $2 Re4 $10
) 38... Kf6 39. Kf1 Ra6 40. Bb3 Ke5 41. Ke2 h5 42. h4 Rf6 43. f3 {Ribli} 1-0

[Event "YUG-ch"]
[Site "Podgorica"]
[Date "1996.??.??"]
[Round "13"]
[White "Velimirovic, Dragoljub"]
[Black "Filipovic, Branko"]
[Result "0-1"]
[WhiteElo "2510"]
[BlackElo "2435"]
[PlyCount "70"]
[EventDate "1996.02.??"]
[EventType "tourn"]
[EventRounds "15"]
[EventCountry "YUG"]
[EventCategory "9"]
[Source "ChessBase"]
[SourceDate "1996.08.01"]
[WhiteTeamCountry "YUG"]
[BlackTeamCountry "YUG"]

1. e4 b6 2. d4 e6 3. Nf3 Bb7 4. Bd3 c5 5. O-O cxd4 6. Nxd4 a6 7. Nc3 Qc7 8. Kh1
Bc5 9. Nb3 Be7 10. f4 d6 11. Qg4 g6 12. a4 Nc6 13. Be3 Nf6 14. Qh3 Nb4 15. Rae1
d5 16. e5 Ne4 17. Bd4 Nc5 18. Na1 Qd7 19. Qe3 Rc8 20. b3 O-O 21. f5 exf5 22.
Bxf5 Ne6 23. Bxe6 fxe6 24. Bxb6 d4 25. Bxd4 Qc6 26. Qh3 Rcd8 27. Be3 Bh4 28.
Rd1 Rxd1 29. Rxd1 Qxc3 30. Qxe6+ Kh8 31. Qd6 Rd8 32. Qxd8+ Bxd8 33. Rxd8+ Kg7
34. Rd7+ Kg8 35. Bg1 Bxg2+ 0-1